Statistics for County-Level Divisions of Fujian, China 福建

Click here to take the quiz!

General Stats

  • This quiz has been taken 75 times
  • The average score is 59 of 84

Answer Stats

Prefecture-level City 地級市Answer% Correct
Quanzhou 泉州Jinjiang 晉江
93%
Nanping 南平Wuyishan 武夷山
93%
Fuzhou 福州Changle 長樂
91%
Sanming 三明Shaxian 沙縣
91%
Fuzhou 福州Fuqing 福清
89%
Fuzhou 福州Minhou 閩侯
89%
Quanzhou 泉州Shishi 石獅
89%
Xiamen 廈門Siming 思明
89%
Quanzhou 泉州Nan'An 南安
86%
Xiamen 廈門Huli 湖裡
84%
Xiamen 廈門Jimei 集美
84%
Fuzhou 福州Lianjiang 連江
84%
Xiamen 廈門Xiang'An 翔安
84%
Zhangzhou 漳州Zhangpu 漳浦
84%
Longyan 龍巖Changting 長汀
82%
Ningde 寧德Fu'An 福安
82%
Ningde 寧德Fuding 福鼎
82%
Fuzhou 福州Pingtan 平潭
82%
Xiamen 廈門Tong'An 同安
82%
Putian 莆田Xianyou 仙遊
82%
Ningde 寧德Xiapu 霞浦
82%
Nanping 南平Jianyang 建陽
80%
Quanzhou 泉州Licheng 鯉城
80%
Nanping 南平Yanping 延平
80%
Nanping 南平Jian'Ou 建甌
77%
Putian 莆田Licheng 荔城
77%
Fuzhou 福州Minqing 閩清
77%
Quanzhou 泉州Quangang 泉港
77%
Fuzhou 福州Cangshan 倉山
75%
Zhangzhou 漳州Dongshan 東山
75%
Xiamen 廈門Haicang 海滄
75%
Fuzhou 福州Jin'An 晉安
75%
Fuzhou 福州Luoyuan 羅源
75%
Sanming 三明Datian 大田
73%
Quanzhou 泉州Dehua 德化
73%
Ningde 寧德Gutian 古田
73%
Zhangzhou 漳州Longhai 龍海
73%
Fuzhou 福州Mawei 馬尾
73%
Sanming 三明Sanyuan 三元
73%
Ningde 寧德Zhouning 周寧
73%
Fuzhou 福州Gulou 鼓樓
70%
Ningde 寧德Jiaocheng 蕉城
70%
Longyan 龍巖Liancheng 連城
70%
Fuzhou 福州Taijiang 台江
70%
Sanming 三明Yong'An 永安
70%
Fuzhou 福州Yongtai 永泰
70%
Longyan 龍巖Zhangping 漳平
70%
Zhangzhou 漳州Zhao'An 詔安
70%
Quanzhou 泉州Hui'An 惠安
68%
Longyan 龍巖Yongding 永定
68%
Quanzhou 泉州Anxi 安溪
66%
Putian 莆田Chengxiang 城廂
66%
Quanzhou 泉州Luojiang 洛江
66%
Nanping 南平Shaowu 邵武
66%
Longyan 龍巖Shanghang 上杭
64%
Sanming 三明Taining 泰寧
64%
Longyan 龍巖Xinluo 新羅
64%
Sanming 三明Youxi 尤溪
64%
Nanping 南平Zhenghe 政和
64%
Sanming 三明Jiangle 將樂
61%
Nanping 南平Pucheng 浦城
61%
Zhangzhou 漳州Xiangcheng 薌城
61%
Quanzhou 泉州Yongchun 永春
61%
Zhangzhou 漳州Changtai 長泰
59%
Putian 莆田Hanjiang 涵江
59%
Zhangzhou 漳州Hua'An 華安
59%
Sanming 三明Jianning 建寧
59%
Sanming 三明Mingxi 明溪
59%
Zhangzhou 漳州Yunxiao 雲霄
59%
Quanzhou 泉州Fengze 豐澤
57%
Quanzhou 泉州Kinmen (Disputed With ROC) 金門 (爭議)
57%
Zhangzhou 漳州Longwen 龍文
57%
Zhangzhou 漳州Nanjing 南靖
57%
Sanming 三明Ninghua 寧化
57%
Sanming 三明Qingliu 清流
57%
Ningde 寧德Shouning 壽寧
57%
Nanping 南平Songxi 松溪
57%
Longyan 龍巖Wuping 武平
57%
Ningde 寧德Zherong 柘榮
57%
Nanping 南平Guangze 光澤
55%
Ningde 寧德Pingnan 屏南
55%
Putian 莆田Xiuyu 秀嶼
55%
Zhangzhou 漳州Pinghe 平和
50%
Nanping 南平Shunchang 順昌
45%

Score Distribution

Percentile by Number Answered

Percent of People with Each Score

Your Score History

You have not taken this quiz